000 00437nam a2200169Ia 4500
001 25494
003 IN-NITTTR
005 20251114233323.0
008 251113s9999||||xx |||||||||||||| ||eng||
040 _beng
040 _cIN-NITTTR
041 _aeng
082 _a005.7585 P88D
100 _aPrabhu, C. S. R.
245 0 _aData warehousing :
_b concepts, techniques, products and applications. /
_cPrabhu, C. S. R.
942 _2ddc
_cBK
999 _c28123
_d28123